000 00789nam a22002655i 4500
001 12487
003 ES-MaACL
005 20230906150325.0
007 t|
008 960131s1993 sp ||||0| spa j
020 _a84-87666-30-2
040 _aM-BN
_bspa
_cM-BN
080 _a860-34"19"
100 1 _aSueiro, Daniel.
_9108725
245 1 3 _aLa indemnización /
_cDaniel Sueiro ; introducción, Ramón Nieto ; dibujos, David Sueiro.
250 _a1ª ed.
260 _aMadrid :
_bDiseño :
_bDiptongo,
_c1993.
300 _a30 p :
_bil ;
_c21 cm.
490 1 _aCuentos magistrales ;
_v2
700 1 _aNieto, Ramón.
_985666
700 1 _aSueiro, David.
_9108726
830 0 _aCuentos magistrales ;
_v2
_9178850
852 _aES-MaACL
_jL-19803
_bR.122003
999 _c12487
_d12487